[Event "80th New York Masters"]
[Site "New York"]
[Date "2003.11.04"]
[Round "4"]
[White "Becerra Rivero, Julio"]
[Black "Wojtkiewicz, Aleksander"]
[Result "1/2-1/2"]
[WhiteElo "2580"]
[BlackElo "2638"]
[PlyCount "32"]
[EventDate "2003.11.04"]
[SourceDate "2002.01.21"]

1. e4 c5 2. Nf3 d6 3. Bb5+ Bd7 4. Bxd7+ Qxd7 5. O-O Nc6 6. c3 Nf6 7. d4 cxd4 8.
cxd4 Nxe4 9. d5 Ne5 10. Nxe5 dxe5 11. Re1 Nf6 12. Rxe5 g6 13. Nc3 Bg7 14. Qe2
Ng4 15. Re4 Nf6 16. Re5 Ng4 1/2-1/2

[Event "83rd New York Masters"]
[Site "New York"]
[Date "2003.11.25"]
[Round "1"]
[White "Aravena, Peter"]
[Black "Burnett, Ronald"]
[Result "1/2-1/2"]
[WhiteElo "2216"]
[BlackElo "2502"]
[Annotator "Aravena, P"]
[PlyCount "61"]
[EventDate "2003.11.25"]
[SourceDate "2002.01.21"]

1. d4 b6 2. e4 e6 3. Nc3 Bb7 4. Bd3 Nf6 (4... f5) 5. Nge2 c5 6. O-O (6. d5 a6 (
6... exd5 $5)) 6... a6 7. e5 Ng4 8. f3 (8. h3 cxd4 9. hxg4 dxc3 10. Nxc3) (8.
Bf4) 8... cxd4 9. fxg4 $8 dxc3 10. bxc3 $6 (10. Nxc3 Qc7 11. Bf4) 10... Nc6 11.
Bf4 g5 $2 12. Bg3 Bg7 13. Be4 Qc7 14. Qd2 $1 h6 (14... Nxe5 15. Qxg5 $18) (
14... Bxe5 15. Qxg5) 15. Qe3 Bxe5 16. Bxc6 (16. Bxe5 Qxe5 17. Qxb6 Qxe4 18.
Qxb7 Rb8 19. Qxa6 Qxc2 $17) 16... Qxc6 17. Qf2 Bxg3 18. Qxg3 (18. Qxf7+ $4 Kd8
19. Qf6+ Kc7 $19) 18... Rc8 19. Rf6 $44 Qc7 20. Qf2 Qc5 (20... h5 $1) 21. Nd4
Rh7 (21... e5 22. Re1) (21... Qxc3 22. Rf1) 22. Rf1 Kd8 (22... Qe7 23. Nf5 $4
exf5 24. Re1 Be4) 23. Rxf7 Rxf7 24. Qxf7 Kc7 25. Rf2 Kb8 $2 (25... Bd5 $17) 26.
Qxd7 Qxc3 27. Qd6+ Ka7 28. Re2 Rc4 29. Nb3 Rc6 $2 (29... Rxg4 30. Qxe6 Qf3 31.
g3 Qh1+ 32. Kf2 Qxh2+ 33. Ke1 Qxg3+) 30. Qd7 Qc4 31. Nd4 1/2-1/2

[Event "83rd New York Masters"]
[Site "New York"]
[Date "2003.11.25"]
[Round "2"]
[White "Privman, Boris"]
[Black "Aravena, Peter"]
[Result "0-1"]
[WhiteElo "2308"]
[BlackElo "2216"]
[Annotator "Aravena, P"]
[PlyCount "66"]
[EventDate "2003.11.25"]
[SourceDate "2002.01.21"]

1. d4 d5 2. c4 e6 3. Nc3 Nf6 4. cxd5 exd5 5. Bg5 c6 6. Qc2 Be7 7. e3 Nbd7 8.
Bd3 O-O 9. Nge2 Re8 10. O-O-O $5 Nf8 11. Ng3 $6 $146 (11. h3) 11... Be6 12. Kb1
Rc8 13. Nf5 c5 $40 14. Nxe7+ Qxe7 15. dxc5 Rxc5 16. Qa4 Rec8 (16... b6 $4 17.
Bxf6 gxf6 18. Qd4) 17. Qh4 (17. Qxa7) 17... Ng6 18. Bxf6 gxf6 $1 (18... Qxf6
19. Qxf6 gxf6 20. Nb5 $14) 19. Qd4 Ne5 20. Bc2 b5 $17 21. f4 $4 (21. Bb3) 21...
Rc4 22. Qd2 b4 $19 23. Nxd5 Bxd5 24. Qxd5 R4c5 $1 (24... Rxc2 25. fxe5 fxe5 26.
Rhf1 $13) 25. Qe4 f5 26. Qxb4 (26. Qxf5 $4 Ng6 27. Qe4 Rxc2 $19) 26... Nc6 27.
Qd2 a5 28. Qd7 $4 (28. Rc1) 28... Qxd7 29. Rxd7 Rxc2 $1 30. Rd5 Nb4 31. Rxf5
Nd3 32. Rg5+ Kf8 33. Rb5 (33. a3 Rxb2+ 34. Ka1 Rcc2 $19) 33... Rc1+ 0-1

[Event "86th New York Masters"]
[Site "New York"]
[Date "2004.01.06"]
[Round "4"]
[White "Sivan, Noam"]
[Black "Izoria, Zviad"]
[Result "0-1"]
[WhiteElo "2246"]
[BlackElo "2553"]
[PlyCount "68"]
[EventDate "2004.01.06"]
[SourceDate "2002.01.21"]

1. Nf3 Nf6 2. d4 e6 3. Bg5 h6 4. Bh4 d6 5. Nbd2 g5 6. Bg3 Nh5 7. c3 Bg7 8. e3
Nd7 9. Bd3 Qe7 10. a4 O-O 11. Nc4 f5 12. Nfd2 Ndf6 13. f3 Nxg3 14. hxg3 c5 15.
Qe2 Qc7 16. O-O Bd7 17. g4 fxg4 18. fxg4 Bc6 19. dxc5 dxc5 20. e4 Nd7 21. e5
Nxe5 22. Bc2 Rxf1+ 23. Rxf1 Rf8 24. Re1 Nxc4 25. Qxe6+ Qf7 26. Nxc4 Qxe6 27.
Rxe6 Bd5 28. Re7 Bxc4 29. Bf5 Bd5 30. a5 a6 31. Rc7 Bc6 32. Be6+ Kh8 33. Bf5 h5
34. Be6 Be5 0-1

[Event "89th New York Masters"]
[Site "New York"]
[Date "2004.01.27"]
[Round "1"]
[White "Moll, Arne"]
[Black "Kacheishvili, Giorgi"]
[Result "0-1"]
[WhiteElo "2167"]
[BlackElo "2598"]
[PlyCount "57"]
[EventDate "2004.01.27"]
[SourceDate "2002.01.21"]

1. e4 c6 2. d4 d5 3. e5 Bf5 4. Nc3 Qb6 5. Bd3 Bxd3 6. Qxd3 e6 7. Nge2 Ne7 8.
O-O Nd7 9. Qh3 c5 10. Be3 Nc6 11. dxc5 Nxc5 12. b4 Qxb4 13. Rab1 Qc4 14. Bxc5
Bxc5 15. Rxb7 O-O 16. Qg3 Rab8 17. Rc7 Bb6 18. Rd7 Nd4 19. Nf4 Nf5 20. Qf3 Qc6
21. Rxd5 exd5 22. Nfxd5 Nd4 23. Qe4 Kh8 24. Rd1 Rfd8 25. Rd3 Qg6 26. Rxd4 Bxd4
27. Qxd4 Qxc2 28. h3 Rbc8 29. Nb5 0-1

[Event "92nd New York Masters"]
[Site "New York"]
[Date "2004.02.17"]
[Round "1"]
[White "Zenyuk, Iryna"]
[Black "Bonin, Jay R"]
[Result "1/2-1/2"]
[WhiteElo "2168"]
[BlackElo "2330"]
[PlyCount "77"]
[EventDate "2004.02.17"]
[SourceDate "2002.01.21"]

1. d4 d5 2. Nf3 Nf6 3. c4 c6 4. e3 g6 5. Nc3 Bg7 6. Bd3 O-O 7. O-O dxc4 8. Bxc4
Bg4 9. h3 Bxf3 10. Qxf3 Nbd7 11. Rd1 a6 12. e4 b5 13. Bb3 e5 14. Be3 exd4 15.
Bxd4 Qe7 16. e5 Nxe5 17. Bxe5 Qxe5 18. Qxc6 Rfc8 19. Qb7 Qc7 20. Qxc7 Rxc7 21.
Rd2 Re8 22. Rad1 Bf8 23. Nd5 Nxd5 24. Rxd5 Re2 25. Rd7 Rxd7 26. Rxd7 Bc5 27.
Rxf7 Kh8 28. Rf6 a5 29. Rc6 Bxf2+ 30. Kf1 Rxb2 31. Rc2 Rxc2 32. Bxc2 Bc5 33.
Ke2 Kg7 34. Kd3 Kf6 35. Ke4 Kg5 36. Kd5 Bf8 37. Kc6 b4 38. Kb5 Kf4 39. Kxa5
1/2-1/2

[Event "92nd New York Masters"]
[Site "New York"]
[Date "2004.02.17"]
[Round "4"]
[White "Izoria, Zviad"]
[Black "Milman, Lev"]
[Result "1/2-1/2"]
[WhiteElo "2553"]
[BlackElo "2370"]
[PlyCount "38"]
[EventDate "2004.02.17"]
[SourceDate "2002.01.21"]

1. d4 d5 2. c4 e6 3. Nf3 c6 4. Qc2 Nf6 5. Nbd2 c5 6. cxd5 cxd4 7. Nxd4 Nxd5 8.
e3 Bd7 9. Qb3 Nc6 10. Nxc6 Bxc6 11. Bb5 Qd7 12. Bxc6 Qxc6 13. O-O Rc8 14. Nf3
Be7 15. Bd2 O-O 16. Rfc1 Qb6 17. Qxb6 Nxb6 18. Rxc8 Rxc8 19. Rc1 Rxc1+ 1/2-1/2

[Event "93rd New York Masters"]
[Site "New York"]
[Date "2004.03.02"]
[Round "1"]
[White "Bonin, Jay R"]
[Black "Izoria, Zviad"]
[Result "1/2-1/2"]
[WhiteElo "2330"]
[BlackElo "2553"]
[PlyCount "68"]
[EventDate "2004.03.02"]
[SourceDate "2002.01.21"]

1. c4 e5 2. Nc3 Bb4 3. Qc2 Nf6 4. Nf3 Nc6 5. Nd5 Bc5 6. e3 d6 7. a3 Nxd5 8.
cxd5 Ne7 9. Nxe5 O-O 10. Nc4 Nxd5 11. b4 Bb6 12. Bb2 Nf6 13. Bd3 h6 14. Qc3 d5
15. Nxb6 axb6 16. g4 Qd6 17. Rc1 Ne8 18. Bf5 Bxf5 19. gxf5 f6 20. Qd3 Qd7 21.
Rg1 c6 22. Rc4 Rf7 23. Rh4 Nd6 24. Rxh6 Qxf5 25. Qxf5 Nxf5 26. Rxf6 Rxf6 27.
Bxf6 Rxa3 28. Rg5 Kf7 29. Bc3 g6 30. Rg4 c5 31. h4 d4 32. exd4 cxb4 33. Bxb4
Rh3 34. d5 Rd3 1/2-1/2

[Event "94th New York Masters"]
[Site "New York"]
[Date "2004.03.09"]
[Round "1"]
[White "Rosenberg, Evan"]
[Black "Becerra Rivero, Julio"]
[Result "0-1"]
[WhiteElo "2163"]
[BlackElo "2569"]
[Annotator "Rosenberg, E"]
[PlyCount "90"]
[EventDate "2004.03.09"]
[SourceDate "2002.01.21"]

1. d4 Nf6 2. Bg5 $1 {
For those who don't know me, I have excessive faith in the Trompowsky.} Ne4 3.
Bf4 c5 4. f3 Qa5+ 5. c3 Nf6 6. d5 (6. Nd2 cxd4 7. Nb3 Qb6 8. cxd4 Nc6 $1 9. e4
e5 $1 10. dxe5 Bb4+ {
with a decisive edge for Black. Hodgson-Gelfand, Groningen 1996.}) 6... e6 7.
e4 d6 (7... Qb6 8. Na3 $1) 8. dxe6 Bxe6 9. Na3 Be7 (9... Nc6 10. Nc4 Bxc4 11.
Bxc4 Be7 12. Qb3 $5 {Wells-Hamdouchi, Pulvermuehle 2000}) 10. Nc4 Bxc4 11. Bxc4
O-O 12. Ne2 Nbd7 13. a3 $6 (13. Ng3 $142) 13... b5 14. Ba2 Rad8 15. O-O Qc7 16.
Ng3 c4 17. Nf5 Ne5 18. Bb1 $6 (18. a4 Nd3 19. Qd2 a6 20. axb5 axb5 21. Bb1 Nxf4
22. Qxf4 $14) 18... Rfe8 19. Qe1 $6 (19. Nd4 $142 a6 20. a4) 19... Bf8 20. Bg5
d5 21. Bxf6 {Overlooking the best response} (21. Qg3 Bc5+ 22. Kh1 Qb6 23. Bc2
Ng6 24. Rad1 $11) 21... Qb6+ 22. Nd4 Qxf6 23. Nxb5 $2 {
Way too greedy. White must continue to try and gain an initiative.} (23. f4 $1
Nc6 24. e5 {opening the bi-h7 diagonal}) 23... dxe4 24. Bxe4 Nd3 25. Qg3 Bc5+
26. Kh1 g6 $6 (26... Nxb2 27. Nc7 Re5 28. Nd5 Qd6 29. Nb4 Re6 $17) 27. Bxd3 $8
cxd3 28. b4 Be3 29. Rad1 Qc6 30. c4 Rd7 31. Qg4 d2 $19 {White can resign now.}
32. Nc3 Rd4 33. Qh3 Qxc4 34. Ne4 Rexe4 35. fxe4 Qxf1+ 36. Rxf1 d1=Q 37. g3 Qc2
38. Qg4 Qxe4+ 39. Qxe4 Rxe4 40. Rd1 Bb6 41. Kg2 Re2+ 42. Kh3 Ra2 43. Rd3 h5 44.
Rc3 Kg7 45. Rf3 Bg1 0-1

[Event "94th New York Masters"]
[Site "New York"]
[Date "2004.03.09"]
[Round "2"]
[White "Hoffmann, Asa"]
[Black "Izoria, Zviad"]
[Result "0-1"]
[WhiteElo "2290"]
[BlackElo "2553"]
[PlyCount "72"]
[EventDate "2004.03.09"]
[SourceDate "2002.01.21"]

1. Nc3 c5 2. Nf3 Nf6 3. e4 d6 4. g3 Nc6 5. Bg2 g6 6. d3 Bg7 7. O-O Bg4 8. h3
Bxf3 9. Bxf3 O-O 10. Be3 Rb8 11. Ne2 b5 12. Bg2 b4 13. f4 Qc7 14. Qd2 Nd7 15.
Rab1 Nd4 16. Kh2 Rfc8 17. b3 Nxe2 18. Qxe2 Rb6 19. h4 Ra6 20. Bh3 Rxa2 21. Rf2
a5 22. h5 Rb8 23. hxg6 hxg6 24. f5 gxf5 25. Rxf5 Ne5 26. Bf4 e6 27. Rg5 Qe7 28.
Bxe5 Qxg5 29. Bxd6 Be5 30. Bxe5 Qxe5 31. Rf1 a4 32. Qg4+ Qg7 33. Qf4 Rxc2+ 34.
Kh1 e5 35. Qh4 axb3 36. Qe7 b2 0-1

[Event "97th New York Masters"]
[Site "New York"]
[Date "2004.03.30"]
[Round "1"]
[White "Hoffmann, Asa"]
[Black "Kacheishvili, Giorgi"]
[Result "0-1"]
[WhiteElo "2290"]
[BlackElo "2598"]
[PlyCount "72"]
[EventDate "2004.03.30"]
[SourceDate "2002.01.21"]

1. Nc3 d5 2. e4 dxe4 3. Nxe4 Bf5 4. Ng3 Bg6 5. Nf3 Nd7 6. Bc4 e6 7. d3 Ngf6 8.
Qe2 Be7 9. Bd2 O-O 10. O-O-O c6 11. Kb1 Re8 12. Rhe1 b5 13. Bb3 a5 14. a3 Nc5
15. Ba2 b4 16. Ne5 bxa3 17. Nxg6 hxg6 18. b3 Qd4 19. Qe5 Qxe5 20. Rxe5 Nd5 21.
d4 Nd7 22. Ree1 Bb4 23. Ne4 N7f6 24. Nxf6+ gxf6 25. c4 Bxd2 26. Rxd2 Nb4 27.
Ka1 Ra7 28. Bb1 Rd8 29. Red1 Rad7 30. Be4 f5 31. Bf3 Kg7 32. h3 e5 33. d5 e4
34. Be2 cxd5 35. cxd5 Rxd5 36. Rxd5 Rxd5 0-1

[Event "98th New York Masters"]
[Site "New York"]
[Date "2004.04.20"]
[Round "2"]
[White "Figler, Ilya"]
[Black "Scekic, Milos"]
[Result "1-0"]
[WhiteElo "2327"]
[BlackElo "2405"]
[PlyCount "109"]
[EventDate "2004.04.20"]
[SourceDate "2002.01.21"]

1. d4 d5 2. c4 c6 3. Nf3 e6 4. Qc2 Nd7 5. g3 Ngf6 6. Nbd2 Be7 7. Bg2 b6 8. O-O
O-O 9. e4 Nxe4 10. Nxe4 dxe4 11. Qxe4 Bb7 12. Bf4 Nf6 13. Qc2 c5 14. Rad1 Be4
15. Qe2 Qc8 16. Be5 Bb7 17. Qc2 Nd7 18. d5 exd5 19. cxd5 Nxe5 20. Nxe5 Bd6 21.
Nc6 Re8 22. Rfe1 a6 23. Re4 Rxe4 24. Qxe4 Qe8 25. Qf3 Qd7 26. h4 Re8 27. Rd2
Re1+ 28. Kh2 Qe8 29. Bh3 Qe4 30. Qxe4 Rxe4 31. Kg2 g6 32. Kf3 f5 33. Re2 Rxe2
34. Kxe2 a5 35. b3 Ba6+ 36. Kd2 c4 37. Kc3 cxb3 38. axb3 Bc5 39. h5 Kg7 40.
hxg6 hxg6 41. g4 Kf6 42. gxf5 gxf5 43. f4 Be3 44. Ne5 Bc8 45. Nd3 Ke7 46. Ne5
Kf6 47. Nd3 Kg6 48. b4 a4 49. b5 Bd7 50. Ne5+ Kh5 51. Nxd7 Bxf4 52. Bxf5 Kg5
53. Bc2 a3 54. Nxb6 Kf6 55. Nc4 1-0

[Event "98th New York Masters"]
[Site "New York"]
[Date "2004.04.20"]
[Round "3"]
[White "Klein, Erez"]
[Black "Figler, Ilya"]
[Result "1/2-1/2"]
[WhiteElo "2292"]
[BlackElo "2327"]
[PlyCount "137"]
[EventDate "2004.04.20"]
[SourceDate "2002.01.21"]

1. c4 Nf6 2. Nc3 e6 3. d4 Bb4 4. Qc2 c5 5. dxc5 Bxc5 6. Nf3 b6 7. Bf4 Bb7 8. e4
O-O 9. Be2 d5 10. Rd1 Qc8 11. e5 Ne4 12. O-O Nxc3 13. bxc3 h6 14. cxd5 Bxd5 15.
Nd2 Nc6 16. Ne4 Nb4 17. Qb1 Nxa2 18. Bd2 b5 19. Nxc5 Qxc5 20. Be3 Qxc3 21. Rxd5
exd5 22. Qxa2 Qxe5 23. Bxb5 d4 24. Qb2 Rab8 25. Qxd4 Qxd4 26. Bxd4 Rxb5 27.
Bxa7 Ra8 28. Be3 f5 29. g3 Kf7 30. Rc1 Re8 31. Kg2 Rb7 32. h4 Kg6 33. Rc6+ Kh5
34. Rc5 Rf7 35. Kh3 g5 36. hxg5 hxg5 37. Rxf5 Rxf5 38. g4+ Kg6 39. gxf5+ Kxf5
40. Kg3 Re7 41. Bc5 Re4 42. Be3 Ra4 43. Bc5 Rc4 44. Be3 Rc3 45. Kg2 Kg4 46. Bd4
Rc2 47. Be3 Kh4 48. Bd4 Rc4 49. Be5 Kg4 50. Bg3 Kf5 51. Kf3 Rc3+ 52. Kg2 Ke4
53. Bd6 Rc6 54. Bg3 Rf6 55. Bc7 Kd3 56. Kg3 Ke4 57. Bb8 Kf5 58. Bc7 Rc6 59. Ba5
Rc2 60. Bb6 Rc3+ 61. Be3 Ra3 62. Kg2 Rb3 63. Bd4 Kg4 64. Be3 Rb5 65. Bd4 Kf4
66. Be3+ Kg4 67. Bd4 Kh4 68. Bf6 Rd5 69. f4 1/2-1/2

[Event "100th New York Masters"]
[Site "New York"]
[Date "2004.05.04"]
[Round "2"]
[White "Hoffmann, Asa"]
[Black "Becerra Rivero, Julio"]
[Result "1-0"]
[WhiteElo "2290"]
[BlackElo "2547"]
[PlyCount "113"]
[EventDate "2004.05.04"]
[SourceDate "2002.01.21"]

1. d4 g6 2. e4 Bg7 3. Be3 d6 4. Nc3 a6 5. a4 Nf6 6. f3 O-O 7. Qd2 b6 8. Bh6 c5
9. Bxg7 Kxg7 10. Rd1 cxd4 11. Qxd4 Nc6 12. Qf2 Qc7 13. g4 Ne5 14. g5 Nfd7 15.
f4 Nc6 16. h4 Bb7 17. Bh3 e6 18. Nf3 Rad8 19. h5 Rh8 20. h6+ Kf8 21. O-O Rg8
22. Kh1 Nc5 23. Bg2 Rd7 24. f5 gxf5 25. exf5 exf5 26. Nd5 Qd8 27. Nf6 Ne4 28.
Nxh7+ Ke8 29. Rfe1 Re7 30. Rxe4 fxe4 31. Nf6+ Kf8 32. h7 Rh8 33. Qh4 Re6 34.
Qh6+ Ke7 35. Nh4 Re5 36. Qg7 Rxh7 37. Nxh7 d5 38. Ng6+ Kd6 39. Nxe5 Nxe5 40.
Bxe4 Ng4 41. Qxf7 Kc5 42. Bg2 Qd6 43. Kg1 Qh2+ 44. Kf1 Ne3+ 45. Ke2 Nxd1 46.
Kxd1 Qxg2 47. Qe7+ Kc6 48. Qf6+ Kc7 49. Qe5+ Kc6 50. Nf6 Qg1+ 51. Ke2 Qg2+ 52.
Kd3 Qf1+ 53. Kd4 Qg1+ 54. Qe3 Qd1+ 55. Ke5 Qxc2 56. Qc3+ Qxc3+ 57. bxc3 1-0

[Event "101st New York Masters"]
[Site "New York"]
[Date "2004.05.11"]
[Round "2"]
[White "Cela, Altin"]
[Black "Gustafsson, Jan"]
[Result "1-0"]
[WhiteElo "2482"]
[BlackElo "2579"]
[PlyCount "59"]
[EventDate "2004.05.11"]
[SourceDate "2002.01.21"]

1. e4 e5 2. Nf3 Nc6 3. Bb5 a6 4. Ba4 Nf6 5. O-O Be7 6. Re1 b5 7. Bb3 d6 8. c3
O-O 9. h3 Na5 10. Bc2 c5 11. d4 Nd7 12. Nbd2 exd4 13. cxd4 Nc6 14. d5 Nce5 15.
a4 Rb8 16. axb5 axb5 17. Nxe5 Nxe5 18. b4 cxb4 19. Rb1 Bd7 20. Rxb4 Qc7 21. Bb2
Rfc8 22. Bb1 Qa5 23. Qb3 Bg5 24. Re2 Nc4 25. Nf3 Nxb2 26. Nxg5 Na4 27. e5 h6
28. Qd3 g6 29. e6 Qxb4 30. exf7+ 1-0

[Event "101st New York Masters"]
[Site "New York"]
[Date "2004.05.11"]
[Round "3"]
[White "Almeida Saenz, Alfonso"]
[Black "Stripunsky, Alexander"]
[Result "0-1"]
[WhiteElo "2378"]
[BlackElo "2553"]
[PlyCount "84"]
[EventDate "2004.05.11"]
[SourceDate "2002.01.21"]

1. d4 d5 2. c4 c6 3. Nf3 Nf6 4. Nc3 e6 5. Bg5 h6 6. Bh4 dxc4 7. a4 Bb4 8. e3 b5
9. Be2 Bb7 10. O-O a6 11. Ne5 Nbd7 12. f4 Qc7 13. Bf3 O-O 14. g4 c5 15. axb5
Bxc3 16. b6 Qxb6 17. bxc3 Bxf3 18. Qxf3 cxd4 19. exd4 Nxe5 20. fxe5 Nd5 21.
Rfb1 Qc7 22. g5 hxg5 23. Bxg5 Rab8 24. Rf1 Rb3 25. Qg4 Rb2 26. Rf3 f5 27. Qh5
Qf7 28. Qxf7+ Kxf7 29. Rxa6 Rfb8 30. Ra7+ R8b7 31. Rxb7+ Rxb7 32. Bd2 Rb2 33.
Be1 g5 34. h3 Rc2 35. Rf2 Rc1 36. Rf1 Ne3 37. Rf3 Rxe1+ 38. Kf2 Nc2 39. Rg3 Kg6
40. Rg2 Re3 41. Rg3 Rxg3 42. Kxg3 Nxd4 0-1

[Event "101st New York Masters"]
[Site "New York"]
[Date "2004.05.11"]
[Round "4"]
[White "Becerra Rivero, Julio"]
[Black "Gustafsson, Jan"]
[Result "0-1"]
[WhiteElo "2547"]
[BlackElo "2579"]
[PlyCount "87"]
[EventDate "2004.05.11"]
[SourceDate "2002.01.21"]

1. e4 e5 2. Nf3 Nc6 3. Bb5 a6 4. Ba4 Nf6 5. O-O Be7 6. Re1 b5 7. Bb3 O-O 8. d3
d6 9. c3 Na5 10. Bc2 c5 11. Nbd2 Nd7 12. Nf1 Nb6 13. Ng3 Nc6 14. h3 g6 15. d4
cxd4 16. cxd4 exd4 17. Nxd4 Nxd4 18. Qxd4 Bf6 19. Qd1 Re8 20. Rb1 Bb7 21. Qg4
Rc8 22. Bb3 Nc4 23. Bf4 d5 24. Bxc4 Rxc4 25. b3 Rc2 26. e5 Bg7 27. Rbc1 Rxc1
28. Rxc1 d4 29. Rd1 d3 30. Nf1 Bxe5 31. Bxe5 Rxe5 32. Ne3 h5 33. Qb4 Re4 34.
Qc5 d2 35. Qc3 Rd4 36. Nf1 Rd3 37. Qe5 Bc6 38. f3 Qb6+ 39. Kh2 Qf2 40. Qb8+ Kh7
41. Qc7 Bd5 42. Qe7 Be6 43. Qg5 Rxf3 44. Ng3 0-1

[Event "102nd New York Masters"]
[Site "New York"]
[Date "2004.05.18"]
[Round "4"]
[White "Gustafsson, Jan"]
[Black "Hoffmann, Asa"]
[Result "1/2-1/2"]
[WhiteElo "2579"]
[BlackElo "2290"]
[PlyCount "167"]
[EventDate "2004.05.18"]
[SourceDate "2002.01.21"]

1. Nf3 Nf6 2. c4 d6 3. d4 Bg4 4. Nc3 Nbd7 5. g3 Bxf3 6. exf3 c6 7. Bg2 e6 8. d5
exd5 9. cxd5 c5 10. O-O Be7 11. Qb3 Qb6 12. Re1 Qxb3 13. axb3 a6 14. Bf4 Kd8
15. Nb5 Ne8 16. Re2 Ndf6 17. Nc3 Nc7 18. Rae1 Re8 19. Ne4 Nxe4 20. fxe4 f6 21.
Be3 Nb5 22. f4 Bf8 23. Bf2 Kc7 24. Rc2 a5 25. Bf1 Kb6 26. Rc4 Nd4 27. Bxd4 cxd4
28. Bh3 g5 29. Kf2 gxf4 30. gxf4 Bh6 31. Kf3 d3 32. Rd1 Rg8 33. Bg4 f5 34. Bxf5
Bg7 35. Rxd3 Bxb2 36. Rd2 Ba3 37. Bxh7 Rg1 38. Ra2 Rh8 39. Bf5 Bc5 40. Rxc5
Kxc5 41. Rxa5+ Kb6 42. Ra2 Rb1 43. Be6 Rf8 44. h4 Rxb3+ 45. Kg4 Rb1 46. Rg2 Re1
47. Rb2+ Kc5 48. Rxb7 Rxe4 49. Rf7 Rh8 50. Kg5 Re1 51. Rg7 Rh1 52. f5 R8xh4 53.
f6 R4h2 54. f7 Rg2+ 55. Kf6 Rh6+ 56. Kf5 Rf2+ 57. Kg5 Rhf6 58. Rh7 Kd4 59. Rh1
Rxf7 60. Rd1+ Kc5 61. Rc1+ Kd4 62. Rd1+ Ke3 63. Bxf7 Rxf7 64. Kg4 Ke4 65. Kg3
Rf5 66. Kg4 Rf8 67. Kg5 Rf5+ 68. Kg4 Rxd5 69. Re1+ Kd3 70. Rd1+ Kc4 71. Rc1+
Kd4 72. Kf4 Ra5 73. Rd1+ Kc5 74. Rc1+ Kd5 75. Rd1+ Ke6 76. Re1+ Kd7 77. Rd1 Re5
78. Rd2 Kc6 79. Rc2+ Rc5 80. Rd2 Re5 81. Rc2+ Kd7 82. Ra2 Rc5 83. Ke4 Ke6 84.
Kd4 1/2-1/2

[Event "103rd New York Masters"]
[Site "New York"]
[Date "2004.05.25"]
[Round "1"]
[White "Hess, Robert L"]
[Black "Lapshun, Yury"]
[Result "0-1"]
[WhiteElo "2169"]
[BlackElo "2447"]
[PlyCount "70"]
[EventDate "2004.05.25"]
[SourceDate "2002.01.21"]

1. e4 e6 2. d4 d5 3. Nc3 dxe4 4. Nxe4 Be7 5. Bd3 Nf6 6. Nf3 Nbd7 7. Qe2 Nxe4 8.
Bxe4 Nf6 9. Bxb7 Bxb7 10. Qb5+ Qd7 11. Qxb7 O-O 12. c3 Rfb8 13. Qa6 c5 14. Ne5
Qd5 15. Qc6 cxd4 16. Qxd5 Nxd5 17. Nc6 Rc8 18. Nxd4 Bf6 19. Be3 Rab8 20. O-O-O
a5 21. Kc2 a4 22. a3 Nb6 23. Rd3 Nc4 24. Rb1 g6 25. Bc1 e5 26. Ne2 e4 27. Rd1
Rb3 28. Nd4 Nxa3+ 29. bxa3 Rcxc3+ 30. Kd2 Rd3+ 31. Kc2 Rbc3+ 32. Kb2 Bxd4 33.
Rxd3 exd3 34. Ka2 Rc2+ 35. Bb2 d2 0-1

[Event "108th New York Masters"]
[Site "New York"]
[Date "2004.07.06"]
[Round "2"]
[White "Hoekstra, Matthew"]
[Black "Stripunsky, Alexander"]
[Result "1-0"]
[WhiteElo "2358"]
[BlackElo "2553"]
[PlyCount "133"]
[EventDate "2004.07.06"]
[SourceDate "2002.01.21"]

1. d4 d5 2. Nf3 c6 3. c4 Nf6 4. e3 Bf5 5. Nc3 e6 6. Bd3 Bxd3 7. Qxd3 Nbd7 8.
O-O Bb4 9. Ne2 Bd6 10. b4 O-O 11. Rb1 dxc4 12. Qxc4 Qe7 13. Ng3 Rfd8 14. Bd2
Bxg3 15. hxg3 e5 16. dxe5 Nxe5 17. Nxe5 Qxe5 18. Bc3 Qe4 19. Qe2 Nd5 20. Bd4
Nc7 21. Qf3 Qxf3 22. gxf3 Ne6 23. Bc3 Rd3 24. Rb3 a6 25. Rfb1 Rad8 26. Kf1 f6
27. Ke2 Kf7 28. Be1 R3d5 29. a4 g5 30. g4 f5 31. R1b2 Re8 32. Kf1 Rd1 33. Rb1
Rxb1 34. Rxb1 f4 35. Bd2 Kg6 36. Rb3 Rd8 37. Ke2 Kf6 38. Rc3 Nc7 39. Rc4 Nd5
40. exf4 gxf4 41. Bxf4 Nb6 42. Bc7 Re8+ 43. Re4 Rxe4+ 44. fxe4 Nxa4 45. f4 c5
46. bxc5 Nxc5 47. Ke3 Ke7 48. f5 b5 49. e5 Kd7 50. Bd6 Na4 51. Bb4 Nb6 52. Ke4
Nc4 53. e6+ Kc6 54. f6 a5 55. f7 axb4 56. f8=Q b3 57. e7 b2 58. Qc8+ Kb6 59.
Qd8+ Kc5 60. Qd4+ Kb4 61. Qxb2+ Nxb2 62. e8=Q Nc4 63. Kd4 Na5 64. Qe1+ Ka4 65.
Qa1+ Kb4 66. Qb2+ Nb3+ 67. Kd3 1-0

[Event "108th New York Masters"]
[Site "New York"]
[Date "2004.07.06"]
[Round "3"]
[White "Bonin, Jay R"]
[Black "Lenderman, Alex"]
[Result "1/2-1/2"]
[WhiteElo "2342"]
[BlackElo "2298"]
[PlyCount "90"]
[EventDate "2004.07.06"]
[SourceDate "2002.01.21"]

1. d4 d5 2. Bg5 c6 3. c3 Nf6 4. Bxf6 exf6 5. e3 Bd6 6. Bd3 O-O 7. Nd2 f5 8. Qf3
Qg5 9. Ne2 Re8 10. O-O-O Be6 11. h3 Nd7 12. g4 fxg4 13. hxg4 Qxg4 14. Rxh7 Qxf3
15. Nxf3 Nf6 16. Rh4 Bg4 17. Ng5 Bxe2 18. Bxe2 Kf8 19. c4 Ke7 20. Rdh1 Rac8 21.
c5 Bc7 22. Bf1 b6 23. cxb6 axb6 24. e4 dxe4 25. Nxe4 Nxe4 26. Rxe4+ Kf6 27. Bg2
Rxe4 28. Bxe4 Rd8 29. Rd1 c5 30. dxc5 Rxd1+ 31. Kxd1 bxc5 32. Bd5 Ke7 33. Kc2
f5 34. Kd3 Kd6 35. Kc4 g5 36. f3 g4 37. fxg4 fxg4 38. Bh1 Bb6 39. b3 g3 40. Kb5
Kc7 41. a4 Ba7 42. a5 Kb8 43. Kc6 Kc8 44. a6 Bb8 45. Kxc5 Kc7 1/2-1/2

[Event "109th New York Masters"]
[Site "New York"]
[Date "2004.07.13"]
[Round "4"]
[White "Miton, Kamil"]
[Black "Stripunsky, Alexander"]
[Result "0-1"]
[WhiteElo "2597"]
[BlackElo "2553"]
[PlyCount "130"]
[EventDate "2004.07.13"]
[SourceDate "2002.01.21"]

1. e4 c5 2. Nf3 e6 3. b3 d6 4. Bb5+ Nd7 5. O-O Ngf6 6. Re1 a6 7. Bf1 b6 8. d4
cxd4 9. Nxd4 Bb7 10. f3 Be7 11. c4 O-O 12. Nc3 Rc8 13. Bb2 Qc7 14. Qd2 Rfe8 15.
Kh1 Qb8 16. Rad1 Bd8 17. Qf2 Bc7 18. Nde2 Ne5 19. Rd2 Ba8 20. Red1 Ng6 21. a4
h5 22. Ba3 Rcd8 23. h3 h4 24. b4 d5 25. cxd5 exd5 26. exd5 Bd6 27. Rd4 a5 28.
Ne4 Nxe4 29. fxe4 Qc7 30. Ng1 Qe7 31. Nf3 axb4 32. Bb2 Bc5 33. Qd2 Qd6 34. Bb5
Re7 35. Rc4 Qg3 36. Qe1 Qxe1+ 37. Rxe1 f5 38. exf5 Rxe1+ 39. Nxe1 Ne7 40. f6
Nxd5 41. Rg4 Nc3 42. Rxg7+ Kf8 43. Bc4 Bd5 44. Bf1 Rd6 45. Rg4 Rxf6 46. Bd3 Re6
47. Rf4+ Ke7 48. Rf1 Nxa4 49. Bc1 b3 50. Bg5+ Kd6 51. Bf4+ Kc6 52. Nf3 Bxf3 53.
gxf3 b2 54. Bd2 Rd6 55. Be4+ Kb5 56. Bf4 Rd4 57. Be5 Rd2 58. f4 Bd4 59. Bxd4
Rxd4 60. Bg6 Nc3 61. Rf3 b1=Q+ 62. Bxb1 Nxb1 63. f5 Nd2 64. Rf2 Ne4 65. Rf1
Ng3+ 0-1

[Event "111th New York Masters"]
[Site "New York"]
[Date "2004.07.27"]
[Round "1"]
[White "Figler, Ilya"]
[Black "Miton, Kamil"]
[Result "0-1"]
[WhiteElo "2371"]
[BlackElo "2597"]
[PlyCount "94"]
[EventDate "2004.07.27"]
[SourceDate "2002.01.21"]

1. d4 Nf6 2. c4 c5 3. d5 b5 4. cxb5 a6 5. bxa6 g6 6. g3 Bxa6 7. Bg2 d6 8. Nh3
Bg7 9. O-O Nbd7 10. Bd2 O-O 11. Bc3 Nb6 12. Nf4 Qd7 13. Qc2 Na4 14. Re1 Rfb8
15. e4 Nxc3 16. Nxc3 Qb7 17. Rab1 Ng4 18. h3 Ne5 19. Red1 Qd7 20. b3 h5 21.
Nfe2 Qa7 22. f4 Bd3 23. Qd2 Bxb1 24. Rxb1 Nd7 25. Kh2 Qa3 26. e5 Nf8 27. e6 f5
28. Bf1 c4 29. Nc1 Qa5 30. N1e2 cxb3 31. axb3 Qb4 32. Qd3 Rc8 33. Na4 Ra7 34.
g4 hxg4 35. hxg4 fxg4 36. Bg2 Rac7 37. f5 Rc2 38. Rd1 Rxe2 39. Qxe2 Qf4+ 40.
Kh1 gxf5 41. Qf1 Qh6+ 42. Kg1 Rc1 43. Qe1 Bd4+ 44. Kf1 Qf4+ 45. Ke2 Qe3+ 46.
Kf1 Rxd1 47. Qxd1 Qf2# 0-1